000 00273cam a2200109ua 4500
999 _c3468
_d3468
082 _a823.301
_bBRI/TA
100 _aBrinfield, R D .
_93125
245 _aTales from onen the sea /
260 _aCalcutta :
_bOxford University Press ,
_c1965.
300 _a80 ; .
942 _cBK